[Event "Euskadi-chTA"]
[Site "Euskadi"]
[Date "2000.11.25"]
[Round "2"]
[White "Varas Gonzalez, Carlos"]
[Black "Cantador Gallego, David"]
[Result "1-0"]
[WhiteElo "2297"]
[BlackElo "1899"]
[PlyCount "49"]
[EventDate "2000.11.18"]
[EventType "team"]
[EventRounds "9"]
[EventCountry "ESP"]
[SourceTitle "EXT 2006"]
[Source "ChessBase"]
[SourceDate "2005.11.24"]
[SourceVersion "1"]
[SourceVersionDate "2005.11.24"]
[SourceQuality "1"]

1. e4 c6 2. Nc3 d5 3. d4 dxe4 4. Nxe4 Nd7 5. Nf3 Ngf6 6. Nxf6+ Nxf6 7. Ne5 e6 8. Bd3 Be7 9. 0-0 0-0 10. c3 c5 11. dxc5 Bxc5 12. Bg5 Be7 13. Qc2 h6 14. Bh4 Qc7 15. Qe2 Rd8 16. Rad1 b6 17. Bg3 Bd6 18. Bb5 a6 19. Rxd6 Rxd6 20. Nc4 axb5 21. Nxd6 b4 22. cxb4 Rxa2 23. Qd2 Nh5 24. Rc1 Nxg3 25. hxg3 1-0